Statistiques concernant Vocabulaire Lyonnais

Cliquez ici pour prendre le quiz!

Statistiques générales

  • Ce quiz a été pris 406 fois
  • Le résultat moyen est 5 sur 11

Statistiques - réponses

HintRéponse% Correct
Gars (Un)Pelo
94%
BeaucoupCher
86%
Place (Une)Gache
69%
RegarderChaber
66%
DénoncerPoukav
55%
VolerChourav
49%
S'ennuyerRouiller
47%
ParlerJacter
32%
SupporterDicav
19%
BoirePiav
19%
RemarquerRodav
9%

Distribution des résultats

Percentile par nombre de réponses

% des personnes avec chaque résultat

Votre développement - résultats

Vous n’avez pas pris ce quiz